000 00487nam a2200145Ia 4500
041 _aKurdish
082 _a324.2023 cut-969 ک
100 _a20260118u\\\\\\\\\\\y0engy0103\\\\ba
100 _aنەوزاد عەلى ئەحمەد
245 0 _aژیانى رێکخراوەیى مان کۆمەڵەى رەنجدەرانى کوردستان ١٩٨٢ - ١٩٨٥
250 _aچ1
260 _bچاپخانەى کارۆ
_aسلیمانى - العراق
_c2019
300 _a190
942 _cBk
999 _c189918
_d189918